000 00932nam a2200337 a 4500
003 AR-BaBNM
005 20251128210355.0
008 082120s2002 ||||||||||||||000 | spa||
020 _a987-97540-2-6
040 _cAR-BaBNM
100 1 _aEchagüe, Selva
245 0 0 _aSavio
_bacero para la industria
260 _aBuenos Aires
_bMaría Ghirlanda
_c1999
300 _a127 p.
_bil., láms.
490 0 _aBiblioteca soldados
504 _aBibliografía para consultar p. 117-118
600 1 4 _aSavio, Manuel Nicolás A.
600 1 4 _aPerón, Juan Domingo
600 1 4 _aFrondizi, Arturo
650 4 _aHISTORIA ARGENTINA
650 4 _aBIOGRAFIAS
650 4 _aHISTORIA ECONOMICA
650 4 _aSIGLO VEINTE
650 4 _aHISTORIA MILITAR
653 _aPERONISMO
655 _aBIOGRAFIAS
700 1 _aLuna, Félix
_eprologuista
700 1 _aPratico, Miguel Angel
_eilustrador
942 _cBK
998 _cMariana
999 _c15198
_d15198